| 000 | 00989cam a2200301 4500 | ||
|---|---|---|---|
| 001 | 200441701 | ||
| 003 | TR-AnTOB | ||
| 005 | 20240719095328.0 | ||
| 007 | ta | ||
| 008 | 791128s1963 nyua b 001 0 eng | ||
| 010 | _a 62018979 | ||
| 035 | _a(OCoLC)ocn684790416 | ||
| 040 |
_aDLC _beng _erda _cCSJ _dSER _dOCL _dWSU _dYUS _dWaOLN |
||
| 041 | 0 | _aeng | |
| 050 | 0 | 4 |
_aHD52 _b.V36 1963 |
| 090 |
_aHD52 _b.V36 1963 |
||
| 100 | 1 |
_aVancil, Richard F. _9131213 _eauthor |
|
| 245 | 1 | 0 |
_aLeasing of industrial equipment : _bWith tables for the analysis of financial alternatives and capital expenditures / _cJerome Bracken [and] Charles J. Christenson. |
| 264 | 1 |
_aNew York : _bMcGraw-Hill, _c[1963] |
|
| 300 |
_a283 pages : _billustrations ; _c26 cm. |
||
| 336 |
_atext _btxt _2rdacontent |
||
| 337 |
_aunmediated _bn _2rdamedia |
||
| 338 |
_avolume _bnc _2rdacarrier |
||
| 650 | 0 |
_aIndustrial equipment leases _9131214 |
|
| 942 |
_2lcc _cBK |
||
| 999 |
_c200441701 _d59913 |
||